Economical aspects of environmental safety
Ekonomické aktivity a ich vplyv na životné prostredie. Vonkajšie vplyvy, zlyhania trhu. Environmentálny manažment podnikov. Emisné práva a povolenia v obchodovaní s emisiami. Ochrana životného prostredia.
Saved in:
| Main Author: | |
|---|---|
| Other Authors: | , , |
| Format: | Book Chapter |
| Language: | English |
| Subjects: | |
| Tags: |
No Tags, Be the first to tag this record!
|
MARC
| LEADER | 00000naa a2200000 4500 | ||
|---|---|---|---|
| 001 | 0143593 | ||
| 005 | 20240502072557.0 | ||
| 041 | 0 | |a eng | |
| 044 | |a SK | ||
| 245 | 1 | 0 | |a Economical aspects of environmental safety |c Recenzenti: Milan Piatrik, Ivana Tureková |
| 520 | |a Ekonomické aktivity a ich vplyv na životné prostredie. Vonkajšie vplyvy, zlyhania trhu. Environmentálny manažment podnikov. Emisné práva a povolenia v obchodovaní s emisiami. Ochrana životného prostredia. | ||
| 610 | 2 | 0 | |a bezpečnosť environmentálna |
| 610 | 2 | 0 | |a rozvoj hospodársky |
| 610 | 2 | 0 | |a emisie |
| 610 | 2 | 0 | |a environmentalistika |
| 100 | 1 | |a Rusko, Miroslav | |
| 700 | 1 | |a Andrejovský, Pavol, 1975- | |
| 700 | 1 | |a Bosák, Martin, 1967- | |
| 700 | 1 | |a Rovňák, Martin | |